|
|
|
|
| LEADER |
00000nam a2200000 4500 |
| 003 |
SK-BrCVT |
| 005 |
20220621162703.0 |
| 008 |
070515s2007 gw e ||||||eng d |
| 035 |
|
|
|a CVTIDW1406502
|
| 040 |
|
|
|b slo
|a CVTI SR
|e AACR2
|
| 041 |
0 |
|
|a eng
|
| 044 |
|
|
|a gw
|
| 080 |
|
|
|a 542.2
|2 UDC-MRF
|
| 110 |
2 |
|
|a FRITSCH GmbH (Idar - Oberstein)
|4 aut
|
| 245 |
1 |
0 |
|a Pulverisette 6. Planetary mono mill.
|
| 250 |
|
|
|a [1st ed.]
|
| 260 |
|
|
|a [S.l.] :
|b [s.n.],
|c 2007
|
| 300 |
|
|
|a [8 s.] :
|b obr., tab. ;
|
| 653 |
1 |
|
|a laboratórny planétový mono mlynček
|a príprava vzoriek
|
| 710 |
2 |
|
|a ILABO, s.r.o. (Bratislava)
|4 com
|
| 910 |
|
|
|b F026912
|
| 959 |
|
|
|a 3105
|
| 974 |
|
|
|f Firemná literatúra
|
| 992 |
|
|
|a FFP
|
| 999 |
|
|
|c 151868
|d 151868
|